Statistics for E1-東名高速道路のトンネル

Click here to take the quiz!

General Stats

  • This quiz has been taken 16 times
  • The average score is 7 of 18

Answer Stats

Pref.Answer% Correct
静岡県日本坂
91%
神奈川県大和
82%
神奈川県都夫良野
64%
静岡県薩埵
64%
静岡県興津
55%
静岡県蒲原
55%
静岡県三ヶ日
45%
神奈川県吾妻山
36%
静岡県/愛知県宇利
36%
神奈川県太郎ヶ尾
36%
静岡県高尾
27%
静岡県所領
18%
静岡県桜平
18%
神奈川県北畑
18%
静岡県袖師
18%
神奈川県鳥手山
18%
静岡県白旗
18%
静岡県清見寺
9%

Score Distribution

Percentile by Number Answered

Percent of People with Each Score

Your Score History

You have not taken this quiz